Naturalism In English Poetey (Record no. 4854)

MARC details
000 -LEADER
fixed length control field 00395nam a2200145Ia 4500
008 - FIXED-LENGTH DATA ELEMENTS--GENERAL INFORMATION
fixed length control field 211109s9999||||xx |||||||||||||| ||und||
082 ## - DEWEY DECIMAL CLASSIFICATION NUMBER
Classification number 821
Item number BRO-N
100 ## - MAIN ENTRY--PERSONAL NAME
Personal name Brooke, Stopford A
245 #0 - TITLE STATEMENT
Title Naturalism In English Poetey
260 ## - PUBLICATION, DISTRIBUTION, ETC.
Name of publisher, distributor, etc. Toronto
Place of publication, distribution, etc. London
Date of publication, distribution, etc. 1920
300 ## - PHYSICAL DESCRIPTION
Extent 310p.
630 ## - SUBJECT ADDED ENTRY--UNIFORM TITLE
General subdivision General Stack
650 ## - SUBJECT ADDED ENTRY--TOPICAL TERM
Topical term or geographic name entry element English literature
942 ## - ADDED ENTRY ELEMENTS (KOHA)
Koha item type BOOK
650 ## - SUBJECT ADDED ENTRY--TOPICAL TERM
Form subdivision literatureEnglish poetry
General subdivision English
Holdings
Withdrawn status Lost status Damaged status Not for loan Home library Current library Date acquired Cost, normal purchase price Total Checkouts Full call number Barcode Shelving location Date last seen Price effective from Koha item type
        SB LIBRARY SB LIBRARY 09/11/2021 100.00   821 BRO-N 00005308 GENERAL STACK 09/11/2021 09/11/2021 BOOK

Powered by Koha